000 01214nam a2200265Ia 4500
003 OSt
005 20220930094758.0
006 a|||||r|||| 00| 0
007 ta
008 220926b |||||||| |||| 00| 0 hin d
024 _a19112
037 _cTheses
040 _aCRL
_cCRL
_bhin
041 _2hin
_ahin
100 _aश्रीवास्तव, मोहिनी
110 _aदिल्ली विश्वविद्यालय. कला संकाय. हिन्दी विभाग
245 0 _aसमकालीन स्त्री-विमर्श के संदर्भ में साठोत्तर उपन्यास
246 _aSamakālīn strī-vimarsha ke sandarbha mean sāṭhottar upanyāsa
260 _c2013
650 _aहिन्दी साहित्य
700 _a प्रो. गोपेश्वर सिंह, गा.
700 _aदिल्ली विश्वविद्यालय. कला संकाय. हिन्दी विभाग
942 _cDIS
_2CC
999 _c887670
_d887670